Capitales mundiales por letra - M - Estadísticas

Estadísticas generales
  • Esta prueba ha sido intentada 8.355 veces
    1.838 desde el último reinicio
  • La puntuación promedio es 9 de 17
Estadísticas de respuestas
País Capital City % Correcto
Spain Madrid
93%
Uruguay Montevideo
79%
Belarus Minsk
68%
Russia Moscú
66%
Monaco Mónaco
64%
Nicaragua Managua
61%
Philippines Manila
59%
Mozambique Maputo
47%
Somalia Mogadiscio
43%
Maldives Malé
40%
Bahrain Manama
39%
Liberia Monrovia
39%
Oman Mascate
37%
Eswatini Mbabane
32%
Marshall Islands Majuro
30%
Lesotho Maseru
29%
Comoros Moroni
29%
No se encontraron pruebas coincidentes
Distribución de puntuación
Porcentaje de gente con cada puntuación
Porcentaje por número respondido
Historial de tus puntuaciones
No has intentado esta prueba desde el último reinicio